000 00323nam a22001217a 4500
082 _a297
_bSafdar
_cMasjid
100 _aMaulana Sarfraz Khan Safdar
_951157
245 _aراہ سنت
260 _aGojranwala
_bMaktaba Safdariah
_c2012
300 _a311
526 _a0
_b0
_c0
_d297_000000000000000_SAFDAR
942 _2ddc
_cBK
999 _c553918
_d553918